000 00807nam a2200205 i 4500
001 80467
003 ES-MaACL
005 20230906174225.0
007 t|
008 041028s1957 sp |||| | spa d
100 1 _aHilton, Ronald.
_963739
245 1 4 _aLos estudios hispánicos en los Estados Unidos
_b: archivos-bibliotecas-museos-sociedades científicas /
_cRonald Hilton ; versión y adaptación española de Lino Gómez Canedo.
260 _aMadrid :
_bCultura Hispánica,
_c1957 (
_fArba)
300 _aXII, 493 p. ;
_c24 cm.
650 4 _aInstituciones científicas-
_zEstados Unidos.
_9165545
650 4 _aCivilización hispánica-
_xInvestigación-
_zEstados Unidos.
_9172667
700 1 _aGómez Canedo, Lino,
_d1908-1990
_957855
852 _aES-MaACL
_jC-15337
999 _c80467
_d80467